Name the artist based on the Eurovision Song 1990-2025 - Statistics

General Stats
  • This quiz has been taken 6 times
  • The average score is 18 of 35
Answer Stats
Year Country Song Name Artist Name % Correct
2023 Sweden Tattoo Loreen
100%
2012 Sweden Euphoria Loreen
100%
2014 Austria Rise Like a Phoenix Conchita Wurst
80%
2025 Austria Wasted Love JJ
80%
2010 Germany Satellite Lena
80%
2006 Finland Hard Rock Hallelujah Lordi
80%
2021 Italy Zitti e buoni Måneskin
80%
2024 Switzerland The Code Nemo
80%
2009 Norway Fairytale Alexander Rybak
60%
2019 Netherlands Arcade Duncan Laurence
60%
2011 Azerbaijan Running Scared Ell/Nikki
60%
2013 Denmark Only Teardrops Emmelie de Forest
60%
2005 Greece My Number One Helena Paparizou
60%
2016 Ukraine 1944 Jamala
60%
2022 Ukraine Stefania Kalush Orchestra
60%
2015 Sweden Heroes Måns Zelmerlöw
60%
2002 Latvia I Wanna Marie N
60%
2018 Israel Toy Netta
60%
2000 Denmark Fly On The Wings Of Love Olsen Brothers
60%
2004 Ukraine Wild Dances Ruslana
60%
2017 Portugal Amar pelos dois Salvador Sobral
60%
1991 Sweden Fångad av en stormvind Carola
40%
1998 Israel Diva Dana International
40%
1997 United Kingdom Love Shine A Light Katrina and The Waves
40%
1995 Norway Secret Garden Nocturne
40%
1994 Ireland Rock 'n' Roll Kids Paul Harrington & Charlie McGettigan
40%
1999 Sweden Take Me To Your Heaven Charlotte Nilsson
20%
1996 Ireland The Voice Eimear Quinn
20%
1992 Ireland Why Me? Linda Martin
20%
2007 Serbia Molitva Marija Šerifović
20%
1993 Ireland In Your Eyes Niamh Kavanagh
20%
2003 Turkey Everyway That I Can Sertab Erener
20%
2001 Estonia Everybody Tanel Padar, Dave Benton & 2XL
20%
1990 Italy Insieme: 1992 Toto Cutugno
20%
2008 Russia Believe Dima Belin
0%
No matching quizzes found
Score Distribution
Percent of People with Each Score
Percentile by Number Answered
Your Score History
You have not taken this quiz